Manuel de formation pratique pour le professeur de FLE

保存先:
書誌詳細
第一著者: BERTOCCHINI, Paola COSTANZO, Edvige
フォーマット: 図書
言語:英語
出版事項: CLE International 2008
タグ: タグ追加
タグなし, このレコードへの初めてのタグを付けませんか!

MARC

LEADER 00000nam a22000007a 4500
008 230504b |||||||| |||| 00| 0 eng d
020 |a 9782090353792 
100 |a BERTOCCHINI, Paola  |a COSTANZO, Edvige 
245 |a Manuel de formation pratique pour le professeur de FLE  |c / Paola Bertocchini [and] Edvige Costanzo  |g 271p 
260 |b CLE International  |c 2008  |d Book  |h Paris  |i 673890  |l PC2420.B46  |m French language - Study and teaching - Handkooks, manuals, etc  |m French language - Writing - Handbooks, manuals, etc 
942 |a lcc  |c BK  |e A. R . Akinniyi  |f 4:5:23 
952 |0 0  |1 0  |2 lcc  |4 0  |6 PC2420 B46  |7 0  |9 4217  |a HOL  |b HOL  |c LP  |d 2023-05-04  |l 0  |o PC2420.B46  |p 2023-0147  |r 2023-05-04 00:00:00  |t 673890  |w 2023-05-04  |y BK 
999 |c 2114  |d 2114